000 00993nam a2200325 i 4500
001 91625
003 ES-MaACL
005 20240429130219.0
007 t|
008 050202s2003 sp ||||1| spa d
020 _a84-96136-43-4
080 _a929 Montaigne, Michel de
080 _a929(100)
080 _a82.09
080 _a008(4)
100 1 _aZweig, Stefan,
_d1881-1942
_9118562
245 1 3 _aEl legado de Europa /
_cStefan Zweig ; traducción de Claudio Gancho.
250 _a1ª ed. en Acantilado.
260 _aBarcelona :
_bAcantilado,
_c2003.
300 _a301 p. ;
_c21 cm.
490 1 _aEl Acantilado ;
_v83
600 1 4 _aMontaigne, Michel de,
_d1533-1592
_982329
650 4 _aBiografías.
_910574
650 _aLiteratura-
_xHistoria y crítica.
_914489
651 4 _aEuropa-
_xCivilización.
_98584
700 1 _aGancho, Claudio
_953818
830 0 _aEl Acantilado ;
_v83
_9179782
852 _aES-MaACL
_jL-28770
_bR.135168
999 _c91625
_d91625